000
00322nam a2200133Ia 4500
008
240624s9999 xx 000 0 und d
041
_a
eng
082
_a
337 KUM
100
_a
KUMAR RAJ
245
_a
INTERNATIONAL ECONOMICS
260
_c
2008
_a
New Delhi
_b
Excel Books
300
_a
552 : p. : cm. ; 24
365
_c
RS
_b
35
999
_c
12029
_d
12029